000 00955nam0a22002651 4500
001 rc\130302
005 20260405074940.0
010 _a5-87277-135-5
_97000
035 _a(NLR Aleph) 005405012
090 _a7313361
_c7313361
100 _a20030307d1993 |||y0rusy50 ca
101 0 _arus
102 _aRU
105 _aa |||||||||
200 1 _aИнвестиционная стратегия, опционы и фьючерсы
_fПод ред. д. э. н., проф. Э.А. Азроянца
_gНИИ упр. М-ва экономики РФ
210 _aМ.
_cБ. и.
_d1993
215 _a112 с.
_cграф.
_d20
320 _aБиблиогр.: с. 108
700 1 _8rus
_7ca
_aЧесноков
_bА. С.
_cканд. физ.-мат. наук
_f1949-
_gАлександр Семенович
_3RU\NLR\AUTH\7726626
_99665
801 0 _aRU
_bNLR
_gpsbo
801 1 _aRU
_bELAR
_2rusmarc
852 _aNLR
_j96-3/4474
942 _cBOOK
980 _aNB